Datum a čas kvízu
30
Celkem bodů
Celkový počet nahraných bodů na tomto kvízu bez doplňovacích otázek.
3.
Pořadí na kvízu
Konečné umístění týmu na tomto kvízu.
Zaznamenané odpovědi
| # | Otázka | Odpověď | Body | Výsledky |
|---|---|---|---|---|
| 1. | Uplynulý týden se poměrně dost... | Odstranil graffiti z Karlova mostu. | 1 | |
| 2. | V pátek skončilo 24. světové s... | jamboree | 1 | |
| 3. | Pražské Karlovo náměstí se v ú... | První pražská defenestrace | 0 | |
| 4. | V Kolumbii byla o víkendu spuš... | Coffee | 0 | |
| 5. | Do české extraligy míří další... | Adam | 0 | |
| 6. | V tomto tématu se vydáme do sv... | C | 0 | |
| 7. | Močovina se používá jako hnoji... | C | 1 | |
| 8. | Pot vzniká ze dvou druhů žláz.... | kolem bradavek | 0 | |
| 9. | Mozkomíšní mok má nažloutlou b... | ne | 1 | |
| 10. | Původ Mléčné dráhy se váže k b... | Herkules | 1 |